000 01531nam a2200445 i 4500
001 29832
003 KOSZ 005
005 20220622145005.0
008 130214s1993 pl f l |001 0 pol
015 _aUWD 2013/10583
020 _a8385838007
035 _a991014576349705066
035 _a(PL-WaBN)b28400483-48omnis_nlop
035 _ab28400483
035 _a(OCoLC)69450726
035 _a(PL)b0000002840048
035 _a(EXLNZ-48OMNIS_NETWORK)9910246519605606
040 _aWA N
_cWA N
_dKOSZ 005/EG
080 _a349.2
080 _a(4-67)
100 1 _aBlanpain, Roger
_d(1932- )
_eAutor
245 1 0 _aEuropejskie prawo pracy w polskiej perspektywie /
_cRoger Blanpain, Maria Matey ; Polska Akademia Nauk. Instytut Nauk Prawnych.
260 _aWarszawa :
_bAgencja Scholar,
_c1993.
300 _a320 s. ;
_c24 cm.
336 _aTekst
_btxt
_2rdacontent
337 _aBez urządzenia pośredniczącego
_bn
_2rdamedia
338 _aWolumin
_bnc
_2rdacarrier
380 _aKsiążki
388 _a1901-2000
388 _a1989-2000
504 _aBibliogr. s. 310-314. Indeks.
650 7 _aPrawo pracy
_2DBN
658 _aPrawo i wymiar sprawiedliwości
650 7 _aPrawo Unii Europejskiej
_2DBN
700 1 _aMatey-Tyrowicz, Maria
_d(1931-2016)
_eAutor
710 2 _aWydawnictwo Naukowe "Scholar"
_4pbl
856 _uhttp://koha.tu.koszalin.pl/cgi-bin/koha/opac-detail.pl?biblionumber=29832
_yKatalog online BPK
942 _2UKD
_cKS
999 _c29832
_d29832